Générique Bibi, nom d'une sorcière - Paroles - Statistiques

Statistiques générales
  • Ce quiz a été pris 2 fois
  • Le résultat moyen est 14 sur 18
Statistiques - réponses
Paroles % Correct
Allo Bibi, Allo petite {sorcière}
100%
Avec elle, on aime s'{amuser}
100%
Elle sera toujours notre {amie}
100%
Elle vole sur son {balai}
100%
Notre amie la {sorcière}
100%
Oui c'est bien {Bibi}
100%
Oui c'est bien {Bibi}
100%
Oui c'est bien {Bibi}
100%
Qui s'envole si haut dans les {airs}
100%
Voici Bibi, la gentille {sorcière}
100%
Voici Bibi la petite {sorcière}
100%
Vole dans les {airs}
100%
Elle a tant de choses à {raconter}
50%
Fille {extraordinaire}
50%
Hé, regardez {Bibi}
50%
Regardez, la {voilà}
50%
Quel humour et quelle {énergie}
0%
Ses pouvoirs sont un {mystère}
0%
Aucun quiz correspondant
Distribution des résultats
% des personnes avec chaque résultat
Percentile par nombre de réponses
Votre historique - résultats
Vous n’avez pas pris ce quiz